Statistics for Georgia or Armenia or Azerbaidzhan

Click here to take the quiz!

General Stats

  • This quiz has been taken 13 times
  • The average score is 8 of 15

Answer Stats

QuestionAnswer% Correct
Baku is its capitalAzerbaidzhan
92%
Is In CaucasiaAll
85%
Has the most active military personel out of these 3Azerbaidzhan
85%
They are a Muslim countryAzerbaidzhan
85%
Russia is a very good ally of themArmenia
62%
Their currency is MaratAzerbaidzhan
62%
Is 30 000 km²Armenia
54%
They have NO natural gas productionArmenia
54%
Has a population of 4 millionGeorgia
54%
Has the weakest army land power out of these 3Armenia
38%
Has a military budget of 500 million USDArmenia
31%
Has the strongest naval power out of these 3Georgia
31%
Their top trading partner is TurkeyGeorgia
31%
They have NO Oil productionGeorgia
23%
Got its independence in OctoberAzerbaidzhan
8%

Score Distribution

Percentile by Number Answered

Percent of People with Each Score

Your Score History

You have not taken this quiz